|
|
|
|
| LEADER |
00000nam a2200000Ia 4500 |
| 008 |
150730bsf sp ||||| |||| 00| | spa d |
| 999 |
|
|
|c 140
|d 140
|
| 090 |
|
|
|a 19.02.08
|b 1125
|
| 100 |
1 |
|
|a Vargas Porras, Alicia
|9 131
|
| 245 |
1 |
0 |
|a Informe de fin de gestión: Dra. Alicia Eugenia Vargas Porras. Período junio 2012 - junio 2014 /
|c Alicia Eugenia Vargas Porras
|
| 260 |
|
|
|a San José, Costa Rica :
|b INIE,
|c 2014
|
| 300 |
|
|
|a 1 volumen (en varias paginaciones)
|
| 610 |
1 |
0 |
|9 153
|a INSTITUTO DE INVESTIGACIÓN EN EDUCACIÓN
|
| 650 |
1 |
4 |
|a INFORMES DE ACTIVIDADES
|9 1465
|
| 942 |
|
|
|i 004688
|h 19.02.08 1125
|2 z
|c 04
|